00535nam a2200193Ii 450000100060000000300090000600800410001502000150005604000330007104100080010408200160011210000290012824500530015726400380021030000120024833600260026033700280028633800270031411717CO-ViMGA241108s9999||||xx |||||||||||||| ||und|| a8485945646 aCO-ViMGAbspaerdacCO-ViMGA0 aspa04a796.31 A6341 aJuan L. Antón García10aBalonmano:bFundamentos y etapas del aprendizaje 1aBogotá, Colombia : Gymnos, 1990 avolumen atextbtxt2rdacontent aunmediatedbn2rdamedia avolumebnc2rdacarrier